Дарителството - традиция и настояще в Стопанска академия "Д. А. Ценов" - гр. Свищов (Запис номер 191740)
[ съкратено ]
| 000 -Лидер | |
|---|---|
| Контролно поле с фиксирана дължина | 01964nam a2200421 c 4500 |
| 003 - Код на организацията, давaща контролен номер | |
| Контролно поле | BLK |
| 005 - Дата и час на последна редакция | |
| Контролно поле | 20180422115811.0 |
| 008 - Елементи от данни с фиксирана дължина | |
| fixed length control field | 180411b bul|||||r ||||||| ||bul|| |
| 010 ## - Наследен системен номер | |
| LC control number | KNG00200903000 |
| 020 ## - Международен стандартен номер на книга ISBN | |
| Международен стандартен номер на книга ISBN | 978-954-23-1189-8 |
| -- | издат.: Акад. изд. Д. А. Ценов |
| 040 ## - Източник на каталожния запис | |
| Идентификатор на билиотеката - собственик на записа | BLK |
| 041 ## - Код за език | |
| Код за езика на текст/звукозапис или на отделно заглавие | Български |
| Код за езика КДБФ | Български |
| 072 #7 - Код за тематичната категория | |
| Код организация | bullib |
| Код за тематична категория | Н00 |
| Текст | Общ отдел Н |
| 080 ## - УДК | |
| Текстов определител УДК | Юбилеи. Паметни книги. Дарителство |
| УДК код - определител по УДК | 061.75 |
| УДК определител | (497.21-21) |
| УДК - код + определител | 061.75(497.21-21) |
| 080 ## - УДК | |
| Текстов определител УДК | Български предприемач (1852-1932) |
| УДК код - определител по УДК | 929 Ценов, Димитър Апостолов |
| УДК определител | |
| УДК - код + определител | 929 Ценов, Димитър Апостолов |
| 100 1# - Редна дума - Автор | |
| Автор | Маринова, Пенка Цвяткова |
| Авторска отговорност | първи автор |
| R(LIN) | 325143 |
| 139 ## - Редно поле | |
| Редна дума | Маринова, Пенка Цвяткова и др. |
| Авторски знак | Мари - М 31 |
| 245 10 - Сведения за заглавието | |
| Заглавие | Дарителството - традиция и настояще в Стопанска академия "Д. А. Ценов" - гр. Свищов |
| Подзаглавни данни | Ист.-докум. очерк |
| Редно поле (дума) | Пенка Цвяткова Маринова; съавт. Николай Цеков Живков. |
| 257 ## - Страна на издаване | |
| Страна на създаване/издаване | България |
| 260 ## - Област на издателските данни | |
| -- | Свищов |
| Име на издателя, разпространителя и проч. | Акад. изд. Д. А. Ценов |
| Година на издаване | 2016 |
| 300 ## - Физическа характеристика | |
| Страници | 156 с. |
| Илюстрации и др. | с цв. ил., факс. |
| Размери/Мащаб | 21 см |
| 380 ## - Жанр | |
| Жанр | Общ отдел |
| 600 14 - Име на лице, използвано като предмет | |
| За него / За нея | Ценов, Димитър Апостолов |
| 9 (RLIN) | 258784 |
| 650 #4 - Допълнително описание по предмет – тема | |
| Основно описание – тема или топоним | Ценов, Димитър Апостолов |
| 9 (RLIN) | 258784 |
| 650 #4 - Допълнително описание по предмет – тема | |
| Основно описание – тема или топоним | Дарителство - Свищов - история |
| 9 (RLIN) | 258785 |
| 651 #4 - Допълнително описание по предмет - топоним | |
| Географско понятие | Свищов |
| 9 (RLIN) | 179504 |
| 653 ## - Ключова дума – ненормативна | |
| Ключова дума | Димитър Ценов |
| 653 ## - Ключова дума – ненормативна | |
| Ключова дума | дарителство |
| 653 ## - Ключова дума – ненормативна | |
| Ключова дума | Стопанска академия |
| 653 ## - Ключова дума – ненормативна | |
| Ключова дума | история |
| 659 ## - Тематичен бюлетин | |
| Тематичен бюлетин | Н |
| 700 1# - Други автори (авторска отговорност) | |
| Лично име | Живков, Николай Цеков |
| Автороска отговорност (Описва отношението между автора и произведението) | съавт. |
| 9 (RLIN) | 372416 |
| 852 ## - Местоположение | |
| Форматна сигнатура | Цб 284411 |
| 856 4# - Електронен адрес и достъп | |
| Електронен формат | pdf - файл |
| Път до файла /url/ | |
| 856 4# - Електронен адрес и достъп | |
| Електронен формат | pdf - файл |
| Път до файла /url/ | |
| 942 ## - АРТИКУЛИ | |
| Вид на библиотечния материал | Книги |
| Скрит в OPAC | Не |
| 944 ## - СЪЗДАВАНЕ И РЕДАКЦИЯ на ЗАПИСА | |
| Създаване/Редакция | Създаване |
| Дата на регистрацията/редакция | 14.02.2017 |
| Служител, извършил регистрацията/редакцията | Виолета_Тройчева |
| 944 ## - СЪЗДАВАНЕ И РЕДАКЦИЯ на ЗАПИСА | |
| Създаване/Редакция | Редакция |
| Дата на регистрацията/редакция | 15.02.2017 |
| Служител, извършил регистрацията/редакцията | Пенка_Димитрова |
| 999 ## - СИСТЕМНИ КОНТРОЛНИ НОМЕРА | |
| Koha biblionumber | 191740 |
| Koha biblioitemnumber | 191740 |
| Код за отписване | Код за изгубен артикул | Код за повреда | Коз за рестрикции | Код за отдаване | Артикулен № | Име на библиотеката - собственик | Име на библиотеката, в която се намира в момента | Статус (Текущо местоположение) | Дата на вписване в системата | Местоположение - отдел | Цена в лева | Инвентарен номер | Систематично азбучна сигнатура | Баркод | Номер на екземпляра | Цена в евро | Служебна бележка | Служебен тип на артикула | Източник на класификационната схема |
|---|---|---|---|---|---|---|---|---|---|---|---|---|---|---|---|---|---|---|---|
| Не е изгубен | Не е повреден | без рестрикции | ползва се в читалня | 336655 | Регионална библиотека "Любен Каравелов" Русе | Регионална библиотека "Любен Каравелов" Русе | Хранилище | 2017-02-15 | Хранилище | 16.00 | 120000808495 | Цб 284411 | 120000808495 | 1 | 8.18 | Дост: Dp Вид: Д N: 4 Дата: 13.01.2017 | Книги | ||
| Не е изгубен | Не е повреден | само за читалня | ползва се в читалня | 730253 | Регионална библиотека "Любен Каравелов" Русе | Регионална библиотека "Любен Каравелов" Русе | Читалня | 2019-07-15 | Читалня | 12.00 | Ч 06/М 31 | 120000834326 | 6.14 | Книги | Universal Decimal Classification |